[Event "CRO-chT2 South"]
[Site "Croatia"]
[Date "2014.04.27"]
[Round "3.4"]
[White "Marcic, Ivica"]
[Black "Bender, Zdenko"]
[Result "0-1"]
[WhiteElo "1988"]
[BlackElo "2121"]
[PlyCount "83"]
[EventDate "2014.04.25"]
[EventType "team-tourn"]
[EventRounds "9"]
[EventCountry "CRO"]
[SourceTitle "EXT 2019"]
[Source "ChessBase"]
[SourceDate "2018.10.10"]
[SourceVersion "1"]
[SourceVersionDate "2018.10.10"]
[SourceQuality "1"]

1. e4 e5 2. Nf3 Nf6 3. Nxe5 d6 4. Nf3 Nxe4 5. Nc3 Nxc3 6. dxc3 Be6 7. Bf4 Qf6 8. Qd2 h6 9. Bb5+ Nd7 10. 0-0-0 0-0-0 11. Kb1 Nb6 12. Nd4 Bc4 13. Bg3 Qg5 14. Bxc4 Nxc4 15. Qd3 Ne5 16. Qb5 Nd7 17. Qa4 a6 18. Rhe1 g6 19. Nf3 Qf5 20. Qd4 Rg8 21. Re3 Bg7 22. Qc4 Nb6 23. Qb3 Qd7 24. Red3 Qe6 25. Qb4 Qc4 26. Qa5 Qc6 27. b3 Rge8 28. h3 Nd7 29. Nd4 Qxg2 30. b4 Be5 31. b5 Nc5 32. Re3 Bxg3 33. Rxg3 Qd5 34. bxa6 b6 35. Qb5 Qa8 36. Nc6 Rd7 37. Rd5 Nxa6 38. Rg4 Nb8 39. Nb4 Qa3 40. Rd1 Qxc3 41. Rc4 Qf3 42. Rd5 0-1

[Event "Splitsko Dalmatinske-ch"]
[Site "Split"]
[Date "2014.03.16"]
[Round "9"]
[White "Tomas, Ante"]
[Black "Marcic, Ivica"]
[Result "0-1"]
[WhiteElo "1915"]
[BlackElo "1998"]
[PlyCount "56"]
[EventDate "2014.03.08"]
[EventType "swiss"]
[EventRounds "9"]
[EventCountry "CRO"]
[SourceTitle "CBM 159 Extra"]
[Source "ChessBase"]
[SourceDate "2014.04.24"]
[SourceVersion "1"]
[SourceVersionDate "2014.04.24"]
[SourceQuality "1"]

1. d4 Nf6 2. c4 e6 3. Nf3 b6 4. Nc3 Bb4 5. Bg5 Bb7 6. e3 h6 7. Bh4 g5 8. Bg3 Ne4 9. Qc2 f5 10. Bd3 0-0 11. Ke2 Bxc3 12. bxc3 d6 13. Rag1 Qe7 14. Nd2 Nxd2 15. Qxd2 e5 16. h3 f4 17. Bh2 f3+ 18. gxf3 Bxf3+ 19. Ke1 exd4 20. cxd4 Bxh1 21. Rxh1 Nd7 22. h4 Nf6 23. Rg1 Kh8 24. hxg5 hxg5 25. Rxg5 Rg8 26. e4 Qh7 27. f3 Qh4+ 28. Bg3 Qxg5 0-1

[Event "CRO-chT2S"]
[Site "Makarska"]
[Date "2013.11.09"]
[Round "8.4"]
[White "Petrusic, Toni"]
[Black "Marcic, Ivica"]
[Result "1-0"]
[WhiteElo "2267"]
[BlackElo "2029"]
[PlyCount "95"]
[EventDate "2013.04.05"]
[EventType "team-tourn"]
[EventRounds "9"]
[EventCountry "CRO"]
[SourceTitle "EXT 2014"]
[Source "ChessBase"]
[SourceDate "2013.11.20"]
[SourceVersion "1"]
[SourceVersionDate "2013.11.20"]
[SourceQuality "1"]
[WhiteTeam "Zadar"]
[BlackTeam "Omis"]
[WhiteTeamCountry "CRO"]
[BlackTeamCountry "CRO"]

1. e4 c5 2. Ne2 d6 3. g3 g6 4. c3 Bg7 5. Bg2 Nc6 6. 0-0 Qb6 7. Na3 a6 8. Nc4 Qa7 9. a4 Be6 10. Ne3 Nf6 11. d4 cxd4 12. cxd4 Bg4 13. Nxg4 Nxg4 14. h3 Nf6 15. Be3 Qb8 16. f4 0-0 17. a5 Qd8 18. Qd2 Qd7 19. Nc3 Rfd8 20. Na4 Qe8 21. Rfc1 e5 22. fxe5 dxe5 23. d5 Nd4 24. Nc5 Qe7 25. b4 Rab8 26. Qd3 Ne8 27. Nb3 Qxb4 28. Nxd4 exd4 29. Rc4 Qd6 30. Bxd4 Bxd4+ 31. Qxd4 Qxg3 32. e5 Ng7 33. Qf4 Qb3 34. Rb4 Qc3 35. Rc1 Qa3 36. Ra4 Qb2 37. Rb4 Qa3 38. Rc7 Rf8 39. Ra4 Qd3 40. Kh2 Nh5 41. Qf3 Qb5 42. Rh4 Qxa5 43. Rcc4 Ng7 44. Rcg4 Qd2 45. Rd4 Qc1 46. Qg4 Qe1 47. Qg5 h5 48. Rhe4 1-0

[Event "Split op 2nd"]
[Site "Split"]
[Date "2012.08.12"]
[Round "2"]
[White "Marcic, Ivica"]
[Black "Thiel, Kuno"]
[Result "0-1"]
[WhiteElo "2009"]
[BlackElo "2215"]
[PlyCount "64"]
[EventDate "2012.08.11"]
[EventType "swiss"]
[EventRounds "9"]
[EventCountry "CRO"]
[SourceTitle "CBM 149 Extra"]
[Source "ChessBase"]
[SourceDate "2012.08.24"]
[SourceVersion "1"]
[SourceVersionDate "2012.08.24"]
[SourceQuality "1"]

1. e4 Nf6 2. e5 Nd5 3. d4 d6 4. Nf3 g6 5. Bc4 c6 6. 0-0 Bg7 7. Re1 0-0 8. Nbd2 a5 9. Bf1 dxe5 10. Nxe5 Nd7 11. Ndf3 Nxe5 12. Nxe5 a4 13. a3 Qb6 14. Bc4 Be6 15. c3 Rfe8 16. Ba2 Qc7 17. Qf3 Rad8 18. h3 c5 19. c4 Nb6 20. dxc5 Nd7 21. Nxd7 Rxd7 22. Qe3 Red8 23. Qf3 Rd3 24. Be3 Bxb2 25. Rab1 Bd4 26. Rxb7 Qxc5 27. Bxd4 Qxd4 28. Qc6 Rd2 29. Re3 Rxa2 30. Rxe7 Ra1+ 31. Kh2 Qf4+ 32. Rg3 Rdd1 0-1

[Event "Split op 1st"]
[Site "Split"]
[Date "2011.08.13"]
[Round "9"]
[White "Vukovic, Ivo"]
[Black "Marcic, Ivica"]
[Result "1-0"]
[WhiteElo "2216"]
[BlackElo "1999"]
[PlyCount "101"]
[EventDate "2011.08.05"]
[EventType "swiss"]
[EventRounds "9"]
[EventCountry "CRO"]
[SourceTitle "CBM 143 Extra"]
[Source "ChessBase"]
[SourceDate "2011.08.29"]
[SourceVersion "1"]
[SourceVersionDate "2011.08.29"]
[SourceQuality "1"]

1. Nf3 c5 2. b3 Nf6 3. Bb2 e6 4. d3 b6 5. g3 Bb7 6. Bg2 Be7 7. 0-0 d6 8. Nbd2 0-0 9. e4 Nbd7 10. Re1 Qc7 11. Qe2 Ng4 12. h3 Nge5 13. Nh2 Bf6 14. Rab1 Nc6 15. c3 g6 16. f4 b5 17. Nhf3 Bg7 18. Rec1 Qb6 19. Kh1 a5 20. a3 Rfe8 21. Qf2 Rad8 22. Re1 Ba6 23. Bf1 Qa7 24. Kg2 b4 25. axb4 axb4 26. cxb4 Bxb2 27. Rxb2 Nxb4 28. Ra1 Qc7 29. Ne1 Ra8 30. Kg1 Bb5 31. Rc1 Ra7 32. Qe3 Rea8 33. Nc4 Ra1 34. Kf2 Rxc1 35. Qxc1 d5 36. Ne3 dxe4 37. dxe4 Bc6 38. Bg2 Qb7 39. e5 Bxg2 40. N3xg2 Qb5 41. Qd2 Ra1 42. Qe2 Qc6 43. Rd2 Nd5 44. Qd3 N7b6 45. Ne3 Ra8 46. Nc4 Kg7 47. Nf3 h6 48. h4 h5 49. Ng5 Ra7 50. Nd6 Nb4 51. Qf3 1-0

[Event "Split op 4th"]
[Site "Split"]
[Date "2010.05.09"]
[Round "9"]
[White "Paradjina, Dusko"]
[Black "Marcic, Ivica"]
[Result "0-1"]
[WhiteElo "1964"]
[BlackElo "2003"]
[PlyCount "150"]
[EventDate "2010.04.30"]
[EventType "swiss"]
[EventRounds "9"]
[EventCountry "CRO"]
[SourceTitle "EXT 2011"]
[Source "ChessBase"]
[SourceDate "2010.11.26"]
[SourceVersion "1"]
[SourceVersionDate "2010.11.26"]
[SourceQuality "1"]

1. e4 c5 2. Nc3 d6 3. g3 Nc6 4. Bg2 g6 5. Nge2 Bg7 6. 0-0 Rb8 7. f4 e6 8. d3 b5 9. e5 d5 10. d4 c4 11. a3 h5 12. h4 Nge7 13. Bh3 Bd7 14. Kh2 Qc7 15. Ng1 Nd8 16. Nf3 a5 17. Ng5 b4 18. Ne2 c3 19. axb4 cxb2 20. Bxb2 axb4 21. c3 Ndc6 22. cxb4 Nxb4 23. Ba3 Nec6 24. Qd2 0-0 25. Rac1 Qa5 26. Bxb4 Nxb4 27. Ra1 Qb6 28. Rab1 Rfe8 29. Rb2 Bf8 30. Nc3 Qa7 31. Rfb1 Rec8 32. Na2 Nc6 33. Rxb8 Rxb8 34. Rxb8 Qxb8 35. Bg2 Qb3 36. Nc1 Qc4 37. Nf3 Bb4 38. Qd1 Na5 39. Bf1 Qc3 40. Nd3 Ba3 41. Qd2 Qc7 42. Qa2 Qc3 43. Qd2 Qc7 44. Qa2 Bf8 45. Nde1 Qb6 46. Bd3 Be7 47. Qc2 Kg7 48. Ng2 Nc6 49. Qf2 Qb3 50. Bf1 Qc3 51. Ne3 Bb4 52. g4 hxg4 53. Nxg4 Ne7 54. Nf6 Ba4 55. Bh3 Bd1 56. Bg2 Nf5 57. h5 Bxf3 58. Bxf3 Qxd4 59. Qxd4 Nxd4 60. Bd1 gxh5 61. Nxh5+ Kf8 62. Kg3 Nf5+ 63. Kf3 Be1 64. Ke2 Bh4 65. Bc2 Nd4+ 66. Kd3 Nxc2 67. Kxc2 Kg8 68. f5 exf5 69. Kd3 Kh7 70. Kd4 Kg6 71. Nf4+ Kg5 72. Nd3 f4 73. Kxd5 Kf5 74. Nxf4 Kxf4 75. e6 f5 0-1

[Event "Split op"]
[Site "Split"]
[Date "2008.04.30"]
[Round "3"]
[White "Ivic, Miroslav"]
[Black "Marcic, Ivica"]
[Result "0-1"]
[WhiteElo "1469"]
[BlackElo "2081"]
[PlyCount "70"]
[EventDate "2008.04.28"]
[EventType "swiss"]
[EventRounds "9"]
[EventCountry "CRO"]
[SourceTitle "EXT 2009"]
[Source "ChessBase"]
[SourceDate "2008.11.26"]
[SourceVersion "1"]
[SourceVersionDate "2008.11.26"]
[SourceQuality "1"]

1. d4 Nf6 2. c4 e6 3. Bg5 c5 4. Bxf6 Qxf6 5. Nf3 Nc6 6. e3 cxd4 7. exd4 Bb4+ 8. Nc3 0-0 9. Be2 d5 10. 0-0 Rd8 11. cxd5 exd5 12. Qb3 Qd6 13. Nb5 Qe7 14. Bd3 a6 15. Nc3 Qd6 16. h4 g6 17. Qc2 Bg4 18. Nh2 Bd7 19. Nf3 Ba5 20. h5 Bc7 21. hxg6 hxg6 22. g3 Kg7 23. Kg2 Rh8 24. Rh1 Bg4 25. Nh2 Bh3+ 26. Kg1 Nxd4 27. Qd2 Bb6 28. Bf1 Bxf1 29. Kxf1 Rad8 30. Kg2 Nf5 31. Ng4 d4 32. Ne4 Qc6 33. Qg5 Qxe4+ 34. f3 Qe2+ 35. Nf2 Ne3+ 0-1

[Event "Epetium op"]
[Site "Stobrec"]
[Date "2006.08.13"]
[Round "3"]
[White "Marcic, Ivica"]
[Black "Baturina, Andrija"]
[Result "1-0"]
[WhiteElo "2039"]
[BlackElo "1851"]
[PlyCount "96"]
[EventDate "2006.08.11"]
[EventType "swiss"]
[EventRounds "7"]
[EventCountry "CRO"]
[SourceTitle "EXT 2007"]
[Source "ChessBase"]
[SourceDate "2006.11.23"]
[SourceVersion "1"]
[SourceVersionDate "2006.11.23"]
[SourceQuality "1"]

1. e4 c5 2. Nf3 Nc6 3. Nc3 e6 4. d4 cxd4 5. Nxd4 a6 6. Be2 Qc7 7. 0-0 Nf6 8. Be3 Bb4 9. Na4 b5 10. Nxc6 Qxc6 11. Nb6 Rb8 12. Nxc8 Rxc8 13. c3 Bc5 14. Bxc5 Qxc5 15. Bf3 Ke7 16. Re1 Qe5 17. a4 h5 18. axb5 axb5 19. h3 g5 20. Qd4 Qxd4 21. cxd4 Rc4 22. e5 Nd5 23. Red1 Rb4 24. Rd2 h4 25. Bxd5 exd5 26. Ra6 Rc8 27. Rd6 Rc6 28. Rxd5 Rbc4 29. Rxb5 Rc2 30. Rxc2 Rxc2 31. Kf1 Rc4 32. d5 Re4 33. e6 fxe6 34. dxe6 dxe6 35. Rxg5 Rb4 36. Rg4 Rxb2 37. Rxh4 Kf6 38. g3 Kg5 39. Re4 Kf5 40. Re2 Rb7 41. Kg2 e5 42. h4 Rb3 43. Ra2 Rd3 44. Ra8 e4 45. Ra5+ Kf6 46. Kf1 e3 47. fxe3 Rxe3 48. Kf2 Rb3 1-0

[Event "Epetium op"]
[Site "Stobrec"]
[Date "2006.08.12"]
[Round "2"]
[White "Plenkovic, Zdenko"]
[Black "Marcic, Ivica"]
[Result "1-0"]
[WhiteElo "2325"]
[BlackElo "2039"]
[PlyCount "89"]
[EventDate "2006.08.11"]
[EventType "swiss"]
[EventRounds "7"]
[EventCountry "CRO"]
[SourceTitle "EXT 2007"]
[Source "ChessBase"]
[SourceDate "2006.11.23"]
[SourceVersion "1"]
[SourceVersionDate "2006.11.23"]
[SourceQuality "1"]

1. a3 d5 2. Nf3 c6 3. g3 Bg4 4. Bg2 Nd7 5. 0-0 e6 6. d3 Bd6 7. Nbd2 Ne7 8. h3 Bh5 9. Qe1 0-0 10. e4 Bxf3 11. Nxf3 Qc7 12. Nh4 e5 13. Nf5 Nxf5 14. exf5 Rae8 15. Qe2 Re7 16. c4 dxc4 17. dxc4 a5 18. Bg5 f6 19. Be3 Bc5 20. Bxc5 Nxc5 21. Qe3 Na6 22. Rab1 a4 23. Rfd1 Qa5 24. Rd6 Rfe8 25. Rbd1 Nc5 26. g4 h6 27. h4 Rf8 28. g5 fxg5 29. hxg5 Rxf5 30. gxh6 Ne6 31. Qh3 e4 32. h7+ Kh8 33. Bxe4 Rg5+ 34. Kf1 Nf8 35. Qf3 Rxe4 36. Qxe4 Re5 37. Qd3 Qc7 38. Rd8 Qf7 39. Rd2 Rf5 40. Re2 Rf3 41. Qd6 Kxh7 42. Ke1 Rf6 43. Qd3+ g6 44. Rde8 Re6 45. Qh3+ 1-0

[Event "Omis op"]
[Site "Omis"]
[Date "2005.10.15"]
[Round "8"]
[White "Marcic, Ivica"]
[Black "Berke, Ana"]
[Result "1-0"]
[WhiteElo "1996"]
[BlackElo "2047"]
[PlyCount "79"]
[EventDate "2005.10.10"]
[EventType "swiss"]
[EventRounds "9"]
[EventCountry "CRO"]
[SourceTitle "CBM 108 Extra"]
[Source "ChessBase"]
[SourceDate "2005.11.04"]
[SourceVersion "1"]
[SourceVersionDate "2005.11.04"]
[SourceQuality "1"]

1. e4 c5 2. Nf3 Nc6 3. d4 cxd4 4. Nxd4 Nf6 5. Nc3 e5 6. Ndb5 d6 7. Nd5 Nxd5 8. exd5 Nb8 9. c4 a6 10. Nc3 g6 11. Be3 Bg7 12. Qd2 h6 13. Be2 f5 14. f3 Nd7 15. Rc1 b6 16. b4 g5 17. Na4 0-0 18. c5 f4 19. Bf2 e4 20. fxe4 Ne5 21. Nxb6 f3 22. gxf3 Bh3 23. Rg1 Ra7 24. Rg3 g4 25. f4 Raf7 26. Be3 h5 27. Rxh3 gxh3 28. fxe5 Qh4+ 29. Kd1 Qxe4 30. e6 Rf5 31. cxd6 Qh1+ 32. Kc2 Qxh2 33. e7 Re8 34. Bd3 Qxd6 35. Bxf5 h2 36. Be6+ Kh8 37. Rh1 Rxe7 38. Rxh2 Qe5 39. Kd3 Rc7 40. Nc4 1-0

[Event "Omis op"]
[Site "Omis"]
[Date "2005.10.11"]
[Round "2"]
[White "Marcic, Ivica"]
[Black "Krnic, Ivan"]
[Result "1-0"]
[WhiteElo "1996"]
[BlackElo "2156"]
[PlyCount "91"]
[EventDate "2005.10.10"]
[EventType "swiss"]
[EventRounds "9"]
[EventCountry "CRO"]
[SourceTitle "CBM 108 Extra"]
[Source "ChessBase"]
[SourceDate "2005.11.04"]
[SourceVersion "1"]
[SourceVersionDate "2005.11.04"]
[SourceQuality "1"]

1. e4 e5 2. Nf3 Nc6 3. Bb5 a6 4. Ba4 d6 5. c3 Bd7 6. 0-0 Nge7 7. d4 Ng6 8. Bb3 Be7 9. Nbd2 0-0 10. Nc4 exd4 11. Nxd4 b5 12. Ne3 Na5 13. Bc2 Nc4 14. Nd5 c6 15. Nxe7+ Qxe7 16. b3 Nb6 17. Be3 Nc8 18. Qd2 Ne5 19. Kh1 c5 20. Ne2 Bc6 21. Ng3 g6 22. h3 f6 23. Rad1 Nf7 24. Rfe1 Nb6 25. f3 Rad8 26. Qf2 Nd7 27. Ne2 Rfe8 28. Nf4 Qe5 29. Bd2 Nb6 30. Nd3 Qe7 31. Be3 Nd7 32. Re2 Ng5 33. Rde1 Ne6 34. Bc1 Ne5 35. Nf4 Nxf4 36. Bxf4 g5 37. Bg3 Ng6 38. Rd2 Nf4 39. Red1 Qe5 40. c4 h5 41. a4 b4 42. h4 Re7 43. hxg5 fxg5 44. Qe3 h4 45. Bh2 Rg7 46. Re1 1-0

[Event "Cvitanovic Memorial-B 10th"]
[Site "Split"]
[Date "2005.04.29"]
[Round "2"]
[White "Marcic, Ivica"]
[Black "Ivic, Mateo"]
[Result "0-1"]
[WhiteElo "1973"]
[BlackElo "2205"]
[PlyCount "146"]
[EventDate "2005.04.27"]
[EventType "swiss"]
[EventRounds "9"]
[EventCountry "CRO"]
[SourceTitle "EXT 2006"]
[Source "ChessBase"]
[SourceDate "2005.11.24"]
[SourceVersion "1"]
[SourceVersionDate "2005.11.24"]
[SourceQuality "1"]

1. e4 e5 2. Nf3 Nc6 3. Bb5 f5 4. Nc3 fxe4 5. Nxe4 d5 6. Ng3 Qd6 7. Qe2 e4 8. Bxc6+ Qxc6 9. Ne5 Qe6 10. d4 exd3 11. Nxd3 Bd6 12. Bf4 Qxe2+ 13. Nxe2 Bxf4 14. Ndxf4 Nf6 15. 0-0-0 0-0 16. f3 c6 17. g4 Bd7 18. h4 Rae8 19. Kd2 Bc8 20. Rdf1 b6 21. Nd3 c5 22. Ng3 d4 23. Re1 Bb7 24. Rhf1 Rxe1 25. Nxe1 Ba6 26. Rg1 Nd5 27. Nf5 g6 28. Nd6 c4 29. Ne4 b5 30. a3 Bb7 31. g5 a5 32. h5 b4 33. axb4 axb4 34. hxg6 hxg6 35. b3 c3+ 36. Kd3 Nf4+ 37. Kc4 Rb8 38. Nf6+ Kf7 39. Rh1 d3 40. Nxd3 Ba6+ 41. Kd4 Bxd3 42. cxd3 Ne6+ 43. Ke3 Nxg5 44. Nd5 Ke6 45. Nf4+ Kf5 46. Ne2 Re8+ 47. Kf2 Ne6 48. Rh4 Nc5 49. Nc1 Na6 50. d4 Nc7 51. Rh7 Nd5 52. Rd7 Ke6 53. Rg7 Ne7 54. Nd3 Kf6 55. Rh7 Rc8 56. Rh1 Nd5 57. Ra1 Rh8 58. Kg2 Ne3+ 59. Kf2 Nc2 60. Ra6+ Kf5 61. Ra5+ Ke6 62. Ra6+ Kd5 63. Nf4+ Kxd4 64. Rxg6 Rh2+ 65. Kg3 Rd2 66. Ne6+ Ke3 67. f4 Ne1 68. Ng5 c2 69. Re6+ Kd3 70. Rd6+ Ke2 71. Rc6 Rd3+ 72. Kg4 Rc3 73. Re6+ Kf1 0-1